LIBRARY & INFORMATION CENTRE, KCAET, TAVANUR

ONLINE PUBLIC ACCESS CATALOGUE (OPAC)

REFINEMENT AND PERFREMANCE EVALUATION OF EXISTING JACKFRUIT PEELER, CORER CUM CUTTING MACHINE (Record no. 17593)

MARC details
000 -LEADER
fixed length control field 00519nam a22001457a 4500
003 - CONTROL NUMBER IDENTIFIER
control field OSt
082 ## - DEWEY DECIMAL CLASSIFICATION NUMBER
Classification number 666
088 ## - REPORT NUMBER
Report number P555
100 ## - MAIN ENTRY--AUTHOR NAME
Personal name HISANA THASNIM, M HIMA, M. M
-- ADEEBA MUHSINA, LULU
-- BINCY, T. P
-- DEEPTHI, K. V
245 ## - TITLE STATEMENT
Title REFINEMENT AND PERFREMANCE EVALUATION OF EXISTING JACKFRUIT PEELER, CORER CUM CUTTING MACHINE
260 ## - PUBLICATION, DISTRIBUTION, ETC. (IMPRINT)
Place of publication Thavanur
Year of publication 2022
700 ## - ADDED ENTRY--PERSONAL NAME
Personal name RAJESH, G. K (Guide)
700 ## - ADDED ENTRY--PERSONAL NAME
Personal name ANJALY, M. G (Guide)
942 ## - ADDED ENTRY ELEMENTS (KOHA)
Koha item type Project Report
260 ## - PUBLICATION, DISTRIBUTION, ETC. (IMPRINT)
-- Kelappaji College of Agricultural Engineering and Technology
Holdings
Collection code Home library Current library Shelving location Full call number Accession Number Koha item type
Reference KAUAET KAUAET Reference1 666 P555 Project Report
free website counter